000 00600nam a2200217 a 4500
001 5483
003 CO-ViMGA
005 20230915223743.0
008 141112s2004 ck r 000 u spa d
040 _aCO-ViMGA
_bspa
_cCO-ViMGA
082 0 4 _aR796.346 P373r
100 1 _aPerea, Rosero Tucidides
_910179
245 1 0 _aReglamento de tenis de mesa
250 _a2a
260 _aSantafé de Bogotá :
_bPanAméricana,
_c1993
300 _a92 p : il
590 _aDatos de inventario : 05460
650 1 4 _aTENIS DE MESA - REGLAMENTOS
_910185
650 1 4 _aTENIS DE MESA
_910186
942 _2ddc
_cBK
999 _c10152
_d10152